000 00731nam a2200289Ia 4500
005 20260324114523.0
008 008 260324s9999 xx 000 0 eng d
020 _a9781003202868
037 _aEBOOK
040 _aCRL
040 _beng
040 _cCRL
041 _2eng
041 _aeng
084 _qCRL
100 _aIlkka Juuso
_91151103
245 0 _aDeveloping an ISO 13485-Certified Quality Management System
245 3 _bAn Implementation Guide for the Medical-Device Industry
260 _bTaylor and Francis
260 _c2022
365 _a
365 _b255
856 _uhttp://www.taylorfrancis.com/books/9781003202868
942 _cEBOOK
999 _c1741327
_d1741327